00000000nam##2200000za#4500
0019.530937
003CaOODSP
00520200327025354
007ta
008150406|1997||||xxc|||||     f|0| 0 fre|d
040 |aCaOODSP|bfre
041 |aeng
041 |afre
043 |an-cn---
0861 |aSP2-6/1997
1101 |aCanada. |bImprimeur de la Reine.
24510|aBanques à charte: soldes non réclamés : |bdéclarés au 31 décembre 1997 par les banques à charte du Canada / |c(Bureau du surintendant des institutions financières: Loi sur les banques.)
260 |aOttawa - Ontario : |bImprimeur de la Reine |c1997.
300 |a362p. ; |c27 cm.
4901 |aGazette du Canada, partie I. Supplément
500 |aSupplément à la Gazette du Canada, partie 1, le 27 juin 1998.
546 |aBilingue
563 |aCouverture souple
590 |a98-27|b1998-07-03
7760#|tChartered banks - unclaimed balances |w(CaOODSP)9.589653
7760#|tChartered banks - unclaimed balances : |w(CaOODSP)9.589655
791 |tChartered banks: unclaimed balances : |eeng|w(CaOODSP)9.530936
830#0|aGazette du Canada, partie I. Supplément.|w(CaOODSP)9.509661